Tennisman Australien ayant été dans le top 100 depuis 2015 - Statistiques

Statistiques générales
  • Ce quiz a été pris 14 fois
  • Le résultat moyen est 7 sur 19
Statistiques - réponses
Meilleur classement Réponse % Correct
6ème Alex De Minaur
93%
1er Lleyton Hewitt
79%
13ème Nick Kyrgios
79%
19ème Alexei Popyrin
57%
65ème Thanasi Kokkinakis
57%
17ème Bernard Tomic
50%
26ème Jordan Thompson
43%
74ème Adam Walton
36%
53ème Christopher O'Connell
36%
48ème Aleksandar Vukic
29%
46ème James Duckworth
29%
40ème Max Purcell
29%
62ème Rinki Hijikata
21%
95ème Tristan Schoolkate
21%
27ème Jason Kubler
14%
33ème John Millman
14%
39ème Matthew Ebden
7%
53ème Sam Groth
7%
39ème Marinko Matosević
0%
Aucun quiz correspondant
Distribution des résultats
% des personnes avec chaque résultat
Percentile par nombre de réponses
Votre historique - résultats
Vous n’avez pas pris ce quiz